The new law of real burdens (Record no. 74415)

MARC details
000 -LEADER
fixed length control field 01176cab a2200265 4500
001 - CONTROL NUMBER
control field ABS67864
008 - FIXED-LENGTH DATA ELEMENTS--GENERAL INFORMATION
fixed length control field 040601n2004 000 0 eng u
035 ## - SYSTEM CONTROL NUMBER
System control number (Sirsi) u126352
100 ## - MAIN ENTRY--PERSONAL NAME
Personal name McNeil, J.
245 #4 - TITLE STATEMENT
Title The new law of real burdens
260 ## - PUBLICATION, DISTRIBUTION, ETC.
Date of publication, distribution, etc. 2004
490 ## - SERIES STATEMENT
Series statement Journal of the Law Society of Scotland
Volume/sequential designation 49(4) April 2004, 58-59
490 ## - SERIES STATEMENT
Series statement Journal of the Law Society of Scotland
Volume/sequential designation 49(5) May 2004, 52-53(4)
520 ## - SUMMARY, ETC.
Summary, etc. Part of a series of articles looking at a range of issues concerning the abolition of the feudal system in Scotland and its effect on land ownership. The April article looks at title and interest to enforce real burdens and liability of individuals. The May article discusses provisions relating to community burdens together with the variation and termination of all types of burdens. (See also Abs67550 and Abs67658).
590 ## - LOCAL NOTE (RLIN)
Local note ABS
650 ## - SUBJECT ADDED ENTRY--TOPICAL TERM
Topical term or geographic name entry element SCOTLAND
650 ## - SUBJECT ADDED ENTRY--TOPICAL TERM
Topical term or geographic name entry element ABOLITION OF FEUDAL TENURE ETC (SCOTLAND) ACT 2000
650 ## - SUBJECT ADDED ENTRY--TOPICAL TERM
Topical term or geographic name entry element TITLE CONDITIONS (SCOTLAND) ACT 2003
650 ## - SUBJECT ADDED ENTRY--TOPICAL TERM
Topical term or geographic name entry element FEUDAL SYSTEM
650 ## - SUBJECT ADDED ENTRY--TOPICAL TERM
Topical term or geographic name entry element REAL BURDENS
650 ## - SUBJECT ADDED ENTRY--TOPICAL TERM
Topical term or geographic name entry element LAND OWNERSHIP
650 ## - SUBJECT ADDED ENTRY--TOPICAL TERM
Topical term or geographic name entry element LAND TENURE
690 ## - LOCAL SUBJECT ADDED ENTRY--TOPICAL TERM (OCLC, RLIN)
Topical term or geographic name as entry element PROPERTY
942 ## - ADDED ENTRY ELEMENTS (KOHA)
Suppress in OPAC 0
Holdings
Withdrawn status Lost status Source of classification or shelving scheme Damaged status Not for loan Home library Current library Shelving location Date acquired Total Checkouts Full call number Barcode Date last seen Copy number Price effective from Koha item type
    Dewey Decimal Classification     London London Journal article 01/06/2004   ABS67864 126352-1001 06/08/2019 1 06/08/2019 Journal article